| 000 | 00970nam a22002297a 4500 | ||
|---|---|---|---|
| 001 | 8673 | ||
| 003 | FISKH | ||
| 005 | 20260213132946.0 | ||
| 008 | 251009b cb ||||| |||| 00| 0 eng d | ||
| 020 | _a9781107683211 | ||
| 040 |
_aFISKH _beng _cFISKH _dFISKH |
||
| 082 | _a428.2 | ||
| 100 | _aBurt, Sally | ||
| 245 |
_aCambridge primary English learner’s book 5 / _cSally Burt and Debbie Ridgard |
||
| 260 |
_aNew York : _bCambridge, _c2015. |
||
| 300 |
_a160 pages : _bcolor illustrations ; _c28 cm |
||
| 520 | _aCambridge Primary English Learner’s Book 5 helps students develop essential reading, writing, listening, and speaking skills in English. Through diverse texts, grammar practice, and engaging activities, learners build confidence and creativity while following the Cambridge Primary English curriculum framework. | ||
| 650 |
_aReading comprehension _vWriting skills |
||
| 700 |
_aRidgard, Debbie _eAuthor |
||
| 942 |
_2ddc _cBK _n0 |
||
| 999 |
_c8673 _d8673 |
||